Slovník slovenských spisovateľov

Bibliographic Details
Main Author: Taranenková, Ivana, 1976- (Author)
Format: Article
Language:Slovak
ISSN:0037-6973
Subjects:

MARC

LEADER 00000nab a2200000 a 4500
001 vtls000754123
003 SK-MaSNL
005 20260304142814.0
008 250505c2000 xo 0 slo
015 |a SNBRB2001/04-12683 
035 |a CLN000105910 
035 |a urn:nbn:sk:snk-abf3ty 
035 |a (urnnbn)urn:nbn:sk:snk:ar-004yp4 
035 |a (uuid)f8b483ec-a6b6-4bf7-990b-40b3e2eda604 
040 |a SNKBUCL  |b slo  |c SNKBUCL  |e AACR2 
041 0 |a slo 
044 |a xo  |c SK 
080 |a 82:929:885.4(048)  |2 1997 
080 |a 885.4:929(048)  |2 1997 
080 |a 82:03(048)  |2 1997 
100 1 |a Taranenková, Ivana,  |d 1976-  |4 aut  |9 103944 
245 1 0 |a Slovník slovenských spisovateľov  |c Ivana Taranenková 
650 0 7 |a literatúra slovenská  |x osobnosti  |x slovníky  |x recenzie  |2 snkbucl  |9 915000 
650 0 7 |a slovenskí spisovatelia  |2 snkbucl  |9 1258 
655 7 |a recenzie  |2 snkbucl  |9 21907 
773 0 |t Slovenská literatúra  |g Roč. 47, č. 6 (2000), s. 514-515  |x 0037-6973 
787 0 8 |i Rec.:  |a Mikula, Valér, 1949-  |t Slovník slovenských spisovateľov  |d Praha : Libri, 1999  |z 8085983567 
850 |a Slovenská národná knižnica 
852 |a Slovenská národná knižnica 
954 |a odborná, vedecká literatúra pôvodná (slovenská)  |2 lita 
958 |a article27 
958 |a RC 
958 |a SK 
958 |a LX 
958 |a OND 
958 |a EUIPO 
999 |c 2923023  |d 2924953